| 000 | 01019nam0a22003131 4500 | ||
|---|---|---|---|
| 001 | v19\rc\1534453 | ||
| 005 | 20250618175642.0 | ||
| 035 | _a(NLR Aleph) 004653685 | ||
| 090 |
_a3456389 _c3456389 |
||
| 100 | _a20060620e18881888|||y0rusy50 ca | ||
| 101 | 0 | _arus | |
| 102 | _aRU | ||
| 105 | _ay z |||a| | ||
| 200 | 1 |
_aМолотники _e(Бытовой рассказ) _fГанна Борвинок |
|
| 210 |
_aКиев _cтип. Г.Т. Корчак-Новицкого _d1888 |
||
| 215 |
_a24 с. _d26 |
||
| 309 | _aБез тит. л. | ||
| 311 | _aОтт. из "Киев. старины" | ||
| 488 | 0 |
_12001#$aКиевская старина _tКиевская старина |
|
| 700 | 1 |
_7ca _8ukr _aБарвинок _bГ. _f1828-1911 _gГанна _9207483 _3RU\NLR\AUTH\770207536 |
|
| 801 | 0 |
_aRU _bNLR _gpsbo |
|
| 801 | 0 |
_aRU _bRuMoRGB _2psbo |
|
| 801 | 1 |
_aRU _bProSoft-M _2rusmarc |
|
| 852 |
_aNLR _j18.253.1.319 |
||
| 899 |
_aRuMoRGB _jP 56/1393 |
||
| 899 | _aБАН | ||
| 942 | _cBOOK | ||
| 980 | _aNB | ||